[Event "Over Under 1675 op"]
[Site "Edmonton CAN"]
[Date "2001.04.07"]
[Round "1"]
[White "Graham, Will"]
[Black "Stark, Mark"]
[Result "1-0"]
[WhiteElo "1382"]
[BlackElo "1546"]
[PlyCount "61"]
[GameId "2160767911565052"]
[EventDate "2001.04.07"]
[EventType "swiss"]
[EventRounds "4"]
[EventCountry "CAN"]

1. e4 c5 2. Nf3 Nc6 3. Bc4 e6 4. a4 g6 5. O-O Bg7 6. c3 Nge7 7. d4 d5 8. exd5 exd5 9. Ba2 cxd4 10. Nxd4 O-O 11. Nf3 Bg4 12. Bg5 h6 13. Be3 d4 14. Bf4 Qb6 15. b3 dxc3 16. Na3 c2 17. Nxc2 Bxa1 18. Qxa1 g5 19. Ne5 Nxe5 20. Bxe5 Nf5 21. b4 Kh7 22. a5 Qg6 23. Ne3 Nxe3 24. fxe3 Be6 25. Rf6 Qh5 26. Bb1+ Kg8 27. Bc2 Qe2 28. Bh7+ Kxh7 29. Qb1+ Kg8 30. Rg6+ Kh7 31. Rg7+ 1-0

[Event "Parry Sound Fall inv."]
[Site "Parry Sound CAN"]
[Date "2001.10.20"]
[Round "1"]
[White "Furstner, Nandor"]
[Black "Cooke, Matthew"]
[Result "1/2-1/2"]
[WhiteElo "2061"]
[BlackElo "1843"]
[PlyCount "42"]
[GameId "2160767911485042"]
[EventDate "2001.10.20"]
[EventType "tourn"]
[EventRounds "4"]
[EventCountry "CAN"]
[SourceTitle "CFC 2001.12"]
[Source "CFC"]
[SourceDate "2001.12.??"]
[SourceVersionDate "2001.12.??"]
[SourceQuality "1"]

1. e4 d6 2. d4 Nf6 3. Nc3 c6 4. h3 b6 5. f4 g6 6. Nf3 Bb7 7. Bd3 e6 8. O-O Nbd7 9. Qe2 Qc7 10. f5 O-O-O 11. fxe6 fxe6 12. Bg5 Re8 13. b4 Bg7 14. a4 e5 15. dxe5 Nh5 16. Rfb1 Nxe5 17. Ra3 Nxf3+ 18. Qxf3 Rhf8 19. Qg4+ Kb8 20. Ne2 Bc8 21. Qh4 d5 1/2-1/2

[Event "Paul Keres mem (26th)"]
[Site "Vancouver CAN"]
[Date "2001.05.18"]
[Round "1"]
[White "Gustafson, Dale"]
[Black "Wu, Howard"]
[Result "0-1"]
[WhiteElo "2043"]
[BlackElo "2179"]
[PlyCount "108"]
[GameId "2160767911564650"]
[EventDate "2001.05.18"]
[EventType "swiss"]
[EventRounds "7"]
[EventCountry "CAN"]
[SourceTitle "CBM 082 Extra"]
[Source "ChessBase"]
[SourceDate "2001.07.03"]
[SourceVersion "1"]
[SourceVersionDate "2001.07.03"]
[SourceQuality "1"]

1. e4 c5 2. Nf3 Nc6 3. Bd3 g6 4. c3 Bg7 5. Bc2 e5 6. d3 Nge7 7. Nbd2 O-O 8. O-O d6 9. h3 b5 10. Re1 a5 11. Nf1 Rb8 12. Be3 f5 13. exf5 gxf5 14. Bg5 Qc7 15. Qd2 d5 16. Bh6 Ng6 17. Bxg7 Qxg7 18. Bb3 Nf4 19. g3 a4 20. Kh2 axb3 21. gxf4 Kh8 22. Nxe5 Nxe5 23. Rxe5 bxa2 24. Qe3 d4 25. cxd4 cxd4 26. Qxd4 Bb7 27. Ng3 h5 28. Rxa2 h4 29. Ne4 Rfd8 30. Qe3 Qf7 31. Ra1 fxe4 32. dxe4 Rd6 33. Rg5 Rg6 34. Rh5+ Kg8 35. Rxh4 Qg7 36. Rg4 Rxg4 37. hxg4 Qxg4 38. Rc1 Qh4+ 39. Kg2 Qg4+ 40. Kf1 Rd8 41. Re1 b4 42. Qg3 Qxg3 43. fxg3 Rd2 44. e5 Bg2+ 45. Kg1 Bh3 46. Re3 Rxb2 47. e6 Kf8 48. e7+ Ke8 49. Re5 b3 50. f5 Rg2+ 51. Kh1 b2 52. Rb5 Rf2 53. f6 Rf1+ 54. Kh2 b1=Q 0-1

[Event "Paul Keres mem (26th)"]
[Site "Vancouver CAN"]
[Date "2001.05.18"]
[Round "1"]
[White "Harmon, Clark"]
[Black "Fairbairn, Stephen"]
[Result "1/2-1/2"]
[WhiteElo "2181"]
[BlackElo "2149"]
[PlyCount "126"]
[GameId "2160767911564651"]
[EventDate "2001.05.18"]
[EventType "swiss"]
[EventRounds "7"]
[EventCountry "CAN"]
[SourceTitle "CBM 082 Extra"]
[Source "ChessBase"]
[SourceDate "2001.07.03"]
[SourceVersion "1"]
[SourceVersionDate "2001.07.03"]
[SourceQuality "1"]

1. d4 Nf6 2. Nf3 g6 3. c4 Bg7 4. Nc3 d5 5. Bg5 Ne4 6. Bh4 Nxc3 7. bxc3 c5 8. e3 Nc6 9. cxd5 Qxd5 10. Be2 cxd4 11. cxd4 O-O 12. O-O e5 13. dxe5 Qxd1 14. Raxd1 Nxe5 15. Nxe5 Bxe5 16. Bf3 Rb8 17. Rd5 f6 18. Ra5 Be6 19. Rxa7 Ra8 20. Rxa8 Rxa8 21. Bxb7 Rxa2 22. f4 Bc3 23. Be1 Bb2 24. Bb4 Ra7 25. Bf3 Ra4 26. Bd2 Kf7 27. h3 f5 28. Re1 Ra1 29. Rxa1 Bxa1 30. Kf2 Bc4 31. g4 Bb2 32. gxf5 gxf5 33. Kg3 Bf6 34. e4 fxe4 35. Bxe4 Kg7 36. Kg4 Be2+ 37. Kg3 Bc4 38. Bb4 h6 39. Bd6 Kf7 40. Bf3 Kg6 41. Bg4 Bd3 42. h4 h5 43. Bd7 Kf7 44. Be5 Be7 45. Bc3 Bf6 46. Be5 Be7 47. f5 Bf6 48. Be6+ Kg7 49. Bf4 Be4 50. Bd7 Kf7 51. Be6+ Kg7 52. Bd6 Bd3 53. Bc7 Bc2 54. Bf4 Be4 55. Bc7 Bc2 56. Bb6 Bd3 57. Be3 Be4 58. Kf4 Bxf5 59. Kxf5 Bxh4 60. Bd4+ Kf8 61. Kg6 Ke7 62. Bc4 Bg3 63. Kxh5 Kd6 1/2-1/2

[Event "Paul Keres mem (26th)"]
[Site "Vancouver CAN"]
[Date "2001.05.18"]
[Round "1"]
[White "Stanford, Mike"]
[Black "Valvo, Michael"]
[Result "1/2-1/2"]
[WhiteElo "2257"]
[BlackElo "2368"]
[PlyCount "140"]
[GameId "2160767911564654"]
[EventDate "2001.05.18"]
[EventType "swiss"]
[EventRounds "7"]
[EventCountry "CAN"]
[SourceTitle "CBM 082 Extra"]
[Source "ChessBase"]
[SourceDate "2001.07.03"]
[SourceVersion "1"]
[SourceVersionDate "2001.07.03"]
[SourceQuality "1"]

1. e4 e5 2. f4 d5 3. exd5 c6 4. Nc3 exf4 5. Nf3 Bd6 6. Bc4 Ne7 7. d4 O-O 8. O-O Bg4 9. dxc6 Nbxc6 10. Ne4 Bc7 11. c3 Nd5 12. Re1 Re8 13. Nf2 Rxe1+ 14. Qxe1 Bxf3 15. gxf3 Qg5+ 16. Ng4 Nf6 17. h4 Qg6 18. Qd1 Re8 19. Kf2 Ne7 20. Bb5 Rd8 21. Bd3 Nxg4+ 22. fxg4 Qh6 23. Qh1 g5 24. h5 Qe6 25. Qf3 f5 26. gxf5 Nxf5 27. Qe4 Qxe4 28. Bxe4 Nd6 29. Bd5+ Kg7 30. Kf3 b6 31. Bd2 Ne8 32. Be6 Nf6 33. Rh1 Kh6 34. b3 Rd6 35. Bf5 b5 36. a3 a6 37. Re1 Bb6 38. Re2 Kg7 39. Rg2 h6 40. Bxf4 Rc6 41. Bd2 Nxh5 42. d5 Rc5 43. Be6 Nf6 44. c4 bxc4 45. Bb4 cxb3 46. Bxc5 Bxc5 47. Rb2 g4+ 48. Bxg4 Nxd5 49. Rxb3 Kf6 50. Ke4 Nb6 51. Rc3 Bg1 52. Rc6+ Ke7 53. Rxh6 a5 54. Kd3 Kd8 55. Rh5 a4 56. Bd1 Kc7 57. Ra5 Kb7 58. Bxa4 Nxa4 59. Rxa4 Bf2 60. Rb4+ Ka6 61. Kc4 Bg1 62. a4 Bb6 63. Rb5 Bf2 64. Kd5 Bg1 65. Kc6 Be3 66. Re5 Bg1 67. Re8 Ka7 68. a5 Bf2 69. a6 Bg3 70. Rf8 Be5 1/2-1/2

[Event "Paul Keres mem (26th)"]
[Site "Vancouver CAN"]
[Date "2001.05.18"]
[Round "1.1"]
[White "Oszvald, Joseph"]
[Black "Orlov, Georgi"]
[Result "0-1"]
[WhiteElo "2109"]
[BlackElo "2592"]
[PlyCount "48"]
[GameId "2160767911564655"]
[EventDate "2001.05.18"]
[EventType "swiss"]
[EventRounds "7"]
[EventCountry "CAN"]

1. e4 c6 2. d4 d5 3. exd5 cxd5 4. c4 Nf6 5. Nc3 e6 6. Nf3 Bb4 7. Qa4+ Nc6 8. Ne5 Bd7 9. Nxc6 Bxc3+ 10. bxc3 Bxc6 11. Qa3 dxc4 12. Bxc4 Qc7 13. Bf1 e5 14. f3 O-O-O 15. Kf2 exd4 16. cxd4 Rxd4 17. Qxa7 Ra4 18. Qc5 Ra5 19. Qc2 Re8 20. Bd3 Qe5 21. Rd1 Qxa1 22. Bf5+ Re6 23. Bd2 Qd4+ 24. Kf1 Rc5 0-1

[Event "Paul Keres mem (26th)"]
[Site "Vancouver CAN"]
[Date "2001.05.18"]
[Round "1.2"]
[White "Yoos, John"]
[Black "McPherson, Tristram"]
[Result "1-0"]
[WhiteElo "2418"]
[BlackElo "2094"]
[PlyCount "63"]
[GameId "2160767911564656"]
[EventDate "2001.05.18"]
[EventType "swiss"]
[EventRounds "7"]
[EventCountry "CAN"]

1. e4 c5 2. Nf3 e6 3. d4 cxd4 4. Nxd4 Nc6 5. Nb5 d6 6. Bf4 e5 7. Be3 Nf6 8. Bg5 Qa5+ 9. Qd2 Nxe4 10. Qxa5 Nxa5 11. Be3 Kd7 12. f3 Nf6 13. Bxa7 Nc6 14. Bb6 d5 15. f4 e4 16. N1c3 Bb4 17. O-O-O Bxc3 18. Nxc3 Ne7 19. Bd4 Ke6 20. Be2 Bd7 21. g4 Bc6 22. f5+ Kd6 23. g5 Ne8 24. Rhf1 Kc7 25. Bc5 Nc8 26. Nxd5+ Bxd5 27. Rxd5 Rxa2 28. Kb1 Ra8 29. Rfd1 f6 30. Bb5 Nb6 31. R5d4 fxg5 32. Rxe4 1-0

[Event "Paul Keres mem (26th)"]
[Site "Vancouver CAN"]
[Date "2001.05.18"]
[Round "1.4"]
[White "Milicevic, Dragoljub"]
[Black "Leblanc, Paul"]
[Result "1-0"]
[WhiteElo "2353"]
[BlackElo "2107"]
[PlyCount "63"]
[GameId "2160767911564657"]
[EventDate "2001.05.18"]
[EventType "swiss"]
[EventRounds "7"]
[EventCountry "CAN"]

1. Nf3 d5 2. g3 Nf6 3. Bg2 c6 4. O-O Bf5 5. d3 e6 6. Nfd2 Nbd7 7. e4 dxe4 8. dxe4 Bg4 9. f3 Bc5+ 10. Kh1 Bh5 11. g4 Bg6 12. Nc4 Qc7 13. Qe2 h6 14. Nc3 O-O-O 15. a4 h5 16. g5 h4 17. Bh3 Nh5 18. f4 Bd4 19. Qf3 Nc5 20. Be3 f6 21. Rad1 Bxe3 22. Rxd8+ Rxd8 23. Qxe3 Qe7 24. Rg1 Bf7 25. g6 Bg8 26. Bg4 Kb8 27. Bxh5 e5 28. b3 Ka8 29. Rd1 Rxd1+ 30. Bxd1 Bxc4 31. bxc4 exf4 32. Qxf4 1-0

[Event "Paul Keres mem (26th)"]
[Site "Vancouver CAN"]
[Date "2001.05.18"]
[Round "1.5"]
[White "Brajkovic, Nikola"]
[Black "Gentes, Kevin"]
[Result "0-1"]
[WhiteElo "2075"]
[BlackElo "2365"]
[PlyCount "56"]
[GameId "2160767911564658"]
[EventDate "2001.05.18"]
[EventType "swiss"]
[EventRounds "7"]
[EventCountry "CAN"]

1. d4 Nf6 2. g3 c5 3. d5 b5 4. Bg2 Bb7 5. Nh3 g6 6. O-O d6 7. e4 Bg7 8. c3 O-O 9. Na3 a6 10. Be3 Nbd7 11. f4 Nb6 12. Qe2 b4 13. Nc2 a5 14. Rfe1 Ba6 15. Qd1 bxc3 16. bxc3 Na4 17. Bd2 Nd7 18. Qf3 Rb8 19. Bf1 Bxf1 20. Kxf1 Rb2 21. Rec1 Ndb6 22. Qd3 c4 23. Qe3 Qd7 24. Nf2 f5 25. Rab1 Rxa2 26. Rxb6 Nxb6 27. Qxb6 Qa4 28. Qb1 Qb3 0-1

[Event "Paul Keres mem (26th)"]
[Site "Vancouver CAN"]
[Date "2001.05.18"]
[Round "1.6"]
[White "Huber, Gregory"]
[Black "Berrocoso, Tony"]
[Result "1/2-1/2"]
[WhiteElo "2333"]
[BlackElo "2053"]
[PlyCount "30"]
[GameId "2160767911564659"]
[EventDate "2001.05.18"]
[EventType "swiss"]
[EventRounds "7"]
[EventCountry "CAN"]

1. e4 c6 2. d4 d5 3. e5 Bf5 4. g4 Be4 5. f3 Bg6 6. Ne2 e6 7. h4 h5 8. Nf4 hxg4 9. Nxg6 fxg6 10. Qd3 Rxh4 11. Qxg6+ Kd7 12. Bg5 Qa5+ 13. Bd2 Qd8 14. Bg5 Qa5+ 15. Bd2 Qd8 1/2-1/2

[Event "Paul Keres mem (26th)"]
[Site "Vancouver CAN"]
[Date "2001.05.18"]
[Round "1.7"]
[White "Kerry, James"]
[Black "Gardner, Robert"]
[Result "0-1"]
[WhiteElo "2034"]
[BlackElo "2333"]
[PlyCount "68"]
[GameId "2160767911564660"]
[EventDate "2001.05.18"]
[EventType "swiss"]
[EventRounds "7"]
[EventCountry "CAN"]

1. d4 Nf6 2. c4 c5 3. d5 b5 4. cxb5 a6 5. bxa6 g6 6. Nc3 Bxa6 7. e4 Bxf1 8. Kxf1 d6 9. g3 Bg7 10. Kg2 Nbd7 11. Nf3 O-O 12. Re1 Ra6 13. h3 Qa8 14. Re2 Ne8 15. Ne1 Nc7 16. Kh2 Nb6 17. Bf4 f5 18. f3 fxe4 19. fxe4 Na4 20. Qd3 Rb8 21. Bc1 Rab6 22. Nxa4 Qxa4 23. Rb1 Qxa2 24. b4 Qa4 25. Nc2 Na6 26. e5 Bxe5 27. Rxe5 dxe5 28. Bh6 Nxb4 29. Nxb4 Rxb4 30. Rxb4 Qxb4 31. h4 Qb1 32. Qe3 Rb2+ 33. Kh3 Qf5+ 34. g4 Qf1+ 0-1

[Event "Paul Keres mem (26th)"]
[Site "Vancouver CAN"]
[Date "2001.05.18"]
[Round "1.8"]
[White "Herder, David"]
[Black "Nguyen, Kim"]
[Result "1-0"]
[WhiteElo "2300"]
[BlackElo "2015"]
[PlyCount "51"]
[GameId "2160767911564661"]
[EventDate "2001.05.18"]
[EventType "swiss"]
[EventRounds "7"]
[EventCountry "CAN"]

1. d4 Nf6 2. Bg5 Ne4 3. h4 c5 4. dxc5 Nxc5 5. Nc3 Nc6 6. e4 Qc7 7. Qd2 e6 8. Nf3 a6 9. a3 d6 10. Be2 b5 11. O-O h6 12. Bf4 Be7 13. b4 Nb7 14. a4 Nxb4 15. axb5 a5 16. Na4 g5 17. Be3 Qxc2 18. Rfc1 Qxd2 19. Bxd2 Nc5 20. Nb6 Rb8 21. Nxc8 Rxc8 22. Rxa5 Rb8 23. Bxb4 Nb3 24. Rb1 Nxa5 25. Bxa5 gxh4 26. Bc7 1-0

[Event "Paul Keres mem (26th)"]
[Site "Vancouver CAN"]
[Date "2001.05.18"]
[Round "1.9"]
[White "Chapman, Erik"]
[Black "Adam, Valerian"]
[Result "0-1"]
[WhiteElo "2021"]
[BlackElo "2298"]
[PlyCount "76"]
[GameId "2160767911564662"]
[EventDate "2001.05.18"]
[EventType "swiss"]
[EventRounds "7"]
[EventCountry "CAN"]

1. e4 e5 2. c4 Nf6 3. Nc3 Nc6 4. d3 Bc5 5. Be3 d6 6. h3 O-O 7. Qd2 Nd4 8. O-O-O c6 9. Nf3 b5 10. Ne2 Nxe2+ 11. Qxe2 Qb6 12. Nd2 Be6 13. Bxc5 Qxc5 14. Qe3 Qb4 15. b3 a5 16. Kb2 bxc4 17. dxc4 Nd7 18. a3 Qb8 19. Kc3 Nc5 20. Be2 Ra7 21. g4 Rb7 22. Rb1 Qc7 23. h4 Rfb8 24. f3 Bd7 25. h5 Ne6 26. Rhe1 c5 27. h6 g6 28. Rec1 g5 29. Rh1 f6 30. Bd3 Nd4 31. Bc2 a4 32. b4 cxb4+ 33. axb4 Rxb4 34. Rxb4 Rxb4 35. Rh5 Qa5 36. Kd3 Ne6 37. Qg1 Nf4+ 38. Ke3 Qc5# 0-1

[Event "Paul Keres mem (26th)"]
[Site "Vancouver CAN"]
[Date "2001.05.18"]
[Round "1.11"]
[White "Ivankovic, Goran"]
[Black "Illijin, Neboisa"]
[Result "1/2-1/2"]
[WhiteElo "2007"]
[BlackElo "2169"]
[PlyCount "101"]
[GameId "2160767911564663"]
[EventDate "2001.05.18"]
[EventType "swiss"]
[EventRounds "7"]
[EventCountry "CAN"]

1. Nf3 Nf6 2. b3 g6 3. Bb2 Bg7 4. g3 b6 5. Bg2 Bb7 6. O-O c5 7. d3 d5 8. Nbd2 Nc6 9. e4 O-O 10. exd5 Nxd5 11. Bxg7 Kxg7 12. Ne4 e5 13. Qd2 Qd7 14. Rae1 Rae8 15. Nc3 Nxc3 16. Qxc3 f6 17. a3 Nd4 18. Nd2 Bxg2 19. Kxg2 Qd5+ 20. f3 Nb5 21. Qc4 Qxc4 22. Nxc4 Rd8 23. f4 exf4 24. Rxf4 Nd4 25. Rf2 Rfe8 26. Kf1 h5 27. b4 g5 28. Rxe8 Rxe8 29. bxc5 bxc5 30. Nd6 Re6 31. Ne4 c4 32. a4 Kg6 33. Nc3 cxd3 34. cxd3 Rc6 35. Nb5 Nxb5 36. axb5 Rb6 37. Ra2 Rxb5 38. Rxa7 Rb2 39. h4 Rd2 40. Rd7 Kf5 41. Rd4 Ke5 42. Re4+ Kd5 43. hxg5 fxg5 44. Ra4 g4 45. Ra5+ Kd4 46. Rxh5 Ke3 47. Rf5 Rxd3 48. Kg2 Rd2+ 49. Kg1 Rd1+ 50. Kg2 Rd2+ 51. Kg1 1/2-1/2

[Event "Paul Keres mem (26th)"]
[Site "Vancouver CAN"]
[Date "2001.05.18"]
[Round "1.13"]
[White "Sladek, Vaclav"]
[Black "Poitras, Luc"]
[Result "1/2-1/2"]
[WhiteElo "2000"]
[BlackElo "2208"]
[PlyCount "42"]
[GameId "2160767911564664"]
[EventDate "2001.05.18"]
[EventType "swiss"]
[EventRounds "7"]
[EventCountry "CAN"]

1. d4 Nf6 2. Bg5 Ne4 3. h4 h6 4. Bf4 e6 5. Nd2 d5 6. e3 Bd6 7. Bxd6 Qxd6 8. Bd3 f5 9. Qh5+ Kd8 10. Bxe4 fxe4 11. Ne2 Nd7 12. O-O-O Nf6 13. Qg6 Qe7 14. f3 exf3 15. gxf3 Bd7 16. Rhg1 Rg8 17. Qd3 c6 18. Nf4 Kc7 19. Ng6 Qf7 20. Ne5 Qe7 21. Ng6 Qf7 1/2-1/2

[Event "Paul Keres mem (26th)"]
[Site "Vancouver CAN"]
[Date "2001.05.18"]
[Round "1.14"]
[White "Ferguson, Jim"]
[Black "Shamilov, Eduard"]
[Result "1-0"]
[WhiteElo "2221"]
[BlackElo "2239"]
[PlyCount "67"]
[GameId "2160767911564665"]
[EventDate "2001.05.18"]
[EventType "swiss"]
[EventRounds "7"]
[EventCountry "CAN"]

1. e4 c5 2. Nf3 d6 3. d4 cxd4 4. Nxd4 Nf6 5. Nc3 g6 6. f4 Nbd7 7. Nf3 Bg7 8. Bd3 O-O 9. O-O Nc5 10. Qe1 Nxd3 11. cxd3 e5 12. Kh1 exf4 13. Bxf4 d5 14. Qh4 dxe4 15. dxe4 Nh5 16. Bg5 f6 17. Be3 f5 18. Bg5 Qa5 19. e5 Re8 20. Rfe1 Be6 21. Rad1 h6 22. Be7 Bf8 23. Bxf8 Kxf8 24. Nd4 Bg8 25. e6 Qc5 26. Nxf5 gxf5 27. Qxh5 Rxe6 28. Rxe6 Bxe6 29. Qxh6+ Kf7 30. Qh7+ Kf6 31. Qxb7 Rg8 32. Nd5+ Kg5 33. Qb3 Rd8 34. Qg3+ 1-0

[Event "Paul Keres mem (26th)"]
[Site "Vancouver CAN"]
[Date "2001.05.18"]
[Round "1.16"]
[White "Haukenfrers, Dale"]
[Black "Long, Hugh"]
[Result "1-0"]
[WhiteElo "2201"]
[BlackElo "1878"]
[PlyCount "105"]
[GameId "2160767911564666"]
[EventDate "2001.05.18"]
[EventType "swiss"]
[EventRounds "7"]
[EventCountry "CAN"]

1. d3 e5 2. Nf3 Nc6 3. c3 d5 4. a3 Nf6 5. Bg5 Be7 6. e3 O-O 7. d4 exd4 8. cxd4 Ne4 9. Bxe7 Nxe7 10. Nc3 Nxc3 11. bxc3 c6 12. Bd3 Bf5 13. O-O Bxd3 14. Qxd3 Ng6 15. c4 Re8 16. Rab1 b6 17. Rfc1 Re6 18. cxd5 cxd5 19. Qa6 Qd7 20. Rb3 Rc6 21. Rbc3 Rxc3 22. Rxc3 f6 23. h3 Ne7 24. Ne1 Rc8 25. Rxc8+ Nxc8 26. Nd3 Ne7 27. a4 Kf7 28. Qb5 Qxb5 29. axb5 Ke6 30. Nb4 Kd6 31. Kf1 Kc7 32. Ke2 Kd6 33. h4 Kc7 34. g4 g6 35. Kd3 Kd6 36. f3 f5 37. Ke2 fxg4 38. fxg4 h5 39. Kf3 hxg4+ 40. Kxg4 Ke6 41. Kg5 Nf5 42. Nc6 Nd6 43. Kxg6 Nxb5 44. h5 Nd6 45. h6 a5 46. h7 Nf7 47. Nd8+ Nxd8 48. h8=Q Nc6 49. Qf6+ Kd7 50. Qf7+ Kd6 51. Qb7 Ne7+ 52. Kg5 Nc6 53. Qxb6 1-0

[Event "Paul Keres mem (26th)"]
[Site "Vancouver CAN"]
[Date "2001.05.18"]
[Round "1.17"]
[White "Caluza, Juni"]
[Black "Jiganchine, Roman"]
[Result "0-1"]
[WhiteElo "1877"]
[BlackElo "2237"]
[PlyCount "60"]
[GameId "2160767911564667"]
[EventDate "2001.05.18"]
[EventType "swiss"]
[EventRounds "7"]
[EventCountry "CAN"]

1. d4 d5 2. c4 c6 3. Nf3 Nf6 4. Nc3 dxc4 5. a4 Bf5 6. e3 e6 7. Bxc4 Bb4 8. O-O O-O 9. Bd3 Bg6 10. Qe2 Nbd7 11. Rd1 Qa5 12. Bd2 Rad8 13. Bxg6 hxg6 14. e4 e5 15. d5 Rfe8 16. Bg5 Bxc3 17. bxc3 cxd5 18. exd5 e4 19. Ne1 Qxc3 20. Qb5 b6 21. Rac1 Qe5 22. f4 Qb8 23. Rc6 Nc5 24. a5 Rxd5 25. Rxd5 Nxd5 26. axb6 axb6 27. Qc4 Nxf4 28. Nc2 Nfe6 29. Bh4 Qf4 30. Bf2 Qc1+ 0-1

[Event "Paul Keres mem (26th)"]
[Site "Vancouver CAN"]
[Date "2001.05.18"]
[Round "1.18"]
[White "Morgan, Ben"]
[Black "Jose, Marionito"]
[Result "1-0"]
[WhiteElo "2439"]
[BlackElo "1850"]
[PlyCount "21"]
[GameId "2160767911564668"]
[EventDate "2001.05.18"]
[EventType "swiss"]
[EventRounds "7"]
[EventCountry "CAN"]

1. e4 c5 2. c3 d5 3. exd5 Nf6 4. d4 Qxd5 5. Nf3 Bg4 6. Nbd2 e6 7. Qa4+ Nbd7 8. Bc4 Qc6 9. Bb5 Qc7 10. Ne5 Bd6 11. Bxd7+ 1-0

[Event "Paul Keres mem (26th)"]
[Site "Vancouver CAN"]
[Date "2001.05.18"]
[Round "1.19"]
[White "Keshet, Joshua"]
[Black "Kostadinov, George"]
[Result "0-1"]
[WhiteElo "1866"]
[BlackElo "2126"]
[PlyCount "80"]
[GameId "2160767911564669"]
[EventDate "2001.05.18"]
[EventType "swiss"]
[EventRounds "7"]
[EventCountry "CAN"]

1. e4 c5 2. Nf3 d6 3. c3 e6 4. a4 Nd7 5. Na3 Ngf6 6. d3 Be7 7. Be2 O-O 8. h3 a6 9. Nc4 Rb8 10. Bf4 Ne8 11. O-O f5 12. e5 d5 13. Ncd2 b5 14. a5 Bb7 15. d4 c4 16. Kh1 Rc8 17. Rg1 Nb8 18. Qe1 Nc6 19. b4 g5 20. g4 Kh8 21. gxf5 gxf4 22. f6 Nxf6 23. Ng5 Qd7 24. exf6 Bxf6 25. Bg4 Bxg5 26. Bxe6 Qd8 27. Bxc8 Bxc8 28. Nf3 Bf6 29. Kh2 Bf5 30. Qd2 Be4 31. Ne1 Qd6 32. f3 Bf5 33. Ng2 Bg5 34. h4 Qh6 35. Qf2 Rg8 36. Rh1 Be7 37. Kg1 Rg3 38. Kf1 Bh3 39. Rg1 Bxh4 40. Qe2 Qh5 0-1

[Event "Paul Keres mem (26th)"]
[Site "Vancouver CAN"]
[Date "2001.05.18"]
[Round "1.20"]
[White "Kaptsan, Aron"]
[Black "Krzyzowski, Ernest"]
[Result "1/2-1/2"]
[WhiteElo "2147"]
[BlackElo "1859"]
[PlyCount "81"]
[GameId "2160767911564670"]
[EventDate "2001.05.18"]
[EventType "swiss"]
[EventRounds "7"]
[EventCountry "CAN"]

1. d4 f5 2. g3 Nf6 3. Bg2 e6 4. Nd2 Be7 5. Ngf3 O-O 6. O-O d6 7. c3 Nc6 8. b4 a6 9. Qb3 Bd7 10. Ng5 d5 11. Ngf3 Qe8 12. a3 Qh5 13. c4 Rad8 14. Bb2 Nb8 15. Rfe1 c6 16. Ne5 g5 17. f3 Bc8 18. e4 g4 19. exf5 Qxf5 20. cxd5 cxd5 21. Rf1 Qg5 22. f4 Qf5 23. Rfe1 Kg7 24. Nf1 h5 25. Ne3 Qh7 26. Qc2 Qxc2 27. Nxc2 Bd6 28. Ne3 Nfd7 29. Rac1 Nxe5 30. dxe5 Be7 31. Nc2 Nc6 32. Nd4 Bd7 33. Nxc6 Bxc6 34. Bd4 Rc8 35. Rc3 Bb5 36. Rec1 Rxc3 37. Rxc3 Bc4 38. Kf2 b5 39. Bf1 Ra8 40. Bb6 Rb8 41. Ba7 1/2-1/2

[Event "Paul Keres mem (26th)"]
[Site "Vancouver CAN"]
[Date "2001.05.18"]
[Round "1.21"]
[White "Pivovarov, Juraj"]
[Black "Franett, Michael"]
[Result "0-1"]
[WhiteElo "1807"]
[BlackElo "2133"]
[PlyCount "72"]
[GameId "2160767911564671"]
[EventDate "2001.05.18"]
[EventType "swiss"]
[EventRounds "7"]
[EventCountry "CAN"]

1. c4 d6 2. g3 e5 3. Bg2 f5 4. Nc3 Nf6 5. d3 Be7 6. e4 c6 7. Nge2 Be6 8. b3 O-O 9. O-O Nbd7 10. exf5 Bxf5 11. d4 Bg4 12. h3 Bh5 13. g4 Bf7 14. Ng3 d5 15. cxd5 Nxd5 16. Nxd5 Bxd5 17. Bxd5+ cxd5 18. dxe5 Nxe5 19. f4 Bc5+ 20. Kh2 Nc6 21. Bb2 d4 22. Rc1 Bb6 23. Nf5 Qd7 24. Qd3 Kh8 25. Ba3 Rfe8 26. Qc4 Re6 27. Rfe1 Rae8 28. Rxe6 Rxe6 29. Rd1 g6 30. Nd6 Rxd6 31. Bxd6 Qxd6 32. Qf7 Qe7 33. Qc4 Bc7 34. Rxd4 Nxd4 35. Qxd4+ Kg8 36. Qd5+ Qf7 0-1

[Event "Paul Keres mem (26th)"]
[Site "Vancouver CAN"]
[Date "2001.05.18"]
[Round "1.22"]
[White "Zemitis, Valdemars"]
[Black "Sullivan, Brian"]
[Result "1-0"]
[WhiteElo "1841"]
[BlackElo "1738"]
[PlyCount "41"]
[GameId "2160767911564672"]
[EventDate "2001.05.18"]
[EventType "swiss"]
[EventRounds "7"]
[EventCountry "CAN"]

1. Nf3 Nf6 2. g3 d5 3. Bg2 c6 4. O-O Bf5 5. d3 Nbd7 6. Nh4 Bg6 7. Nxg6 hxg6 8. e4 e6 9. c4 Bd6 10. cxd5 exd5 11. f4 Qb6+ 12. Kh1 O-O-O 13. e5 Nh5 14. Qf3 Bxe5 15. Nc3 Bd6 16. Be3 Qxb2 17. Nxd5 Qa3 18. Rfc1 Kb8 19. Rab1 Nc5 20. Nb4 Nxg3+ 21. Qxg3 1-0

[Event "Paul Keres mem (26th)"]
[Site "Vancouver CAN"]
[Date "2001.05.18"]
[Round "1.23"]
[White "Morrison, Dan"]
[Black "North, Robert"]
[Result "0-1"]
[WhiteElo "1715"]
[BlackElo "2117"]
[PlyCount "108"]
[GameId "2160767911564673"]
[EventDate "2001.05.18"]
[EventType "swiss"]
[EventRounds "7"]
[EventCountry "CAN"]

1. e4 c5 2. Nf3 d6 3. d4 cxd4 4. Nxd4 Nf6 5. Nc3 a6 6. f4 e5 7. Nf3 Nbd7 8. a4 b6 9. Bd3 Be7 10. O-O Bb7 11. Qe1 O-O 12. Kh1 Re8 13. Nh4 Rc8 14. Nf5 Bf8 15. fxe5 Nxe5 16. Bg5 Kh8 17. Qg3 Rc5 18. Rad1 Ned7 19. Qh4 Ne5 20. Nxg7 Bxg7 21. Rxf6 Nxd3 22. Rxd3 Rxg5 23. Rdxd6 Bxf6 24. Rxd8 Bxd8 25. Qf4 Rg7 26. h4 f5 27. Qxf5 Reg8 28. Qe5 Bxh4 29. Ne2 Bd8 30. Nf4 Bc7 31. Qf6 Bxf4 32. Qxf4 Re8 33. Kh2 Bxe4 34. g3 Bxc2 35. Qc4 Bf5 36. Qxa6 Rd7 37. Qf1 Rd2+ 38. Kg1 Ree2 39. b4 Rg2+ 40. Qxg2 Rxg2+ 41. Kxg2 Be4+ 42. Kf2 Kg7 43. Ke3 Bb7 44. a5 bxa5 45. bxa5 Kf6 46. Kf4 h6 47. Kg4 Kg6 48. Kh4 Bc8 49. g4 Ba6 50. Kg3 Kg5 51. Kf3 Kh4 52. Kg2 Kxg4 53. Kh2 Bb7 54. Kg1 Kg3 0-1

[Event "Paul Keres mem (26th)"]
[Site "Vancouver CAN"]
[Date "2001.05.18"]
[Round "1.24"]
[White "Boehmer, Kris"]
[Black "Holubowicz, Kazimiercz"]
[Result "1-0"]
[WhiteElo "2125"]
[BlackElo "1634"]
[PlyCount "92"]
[GameId "2160767911564674"]
[EventDate "2001.05.18"]
[EventType "swiss"]
[EventRounds "7"]
[EventCountry "CAN"]

1. d4 d5 2. Nf3 Bf5 3. c4 e6 4. Nc3 c6 5. Qb3 Qb6 6. c5 Qc7 7. g3 b5 8. Bf4 Qa5 9. Bg2 Nd7 10. O-O Ngf6 11. a4 b4 12. Na2 Nh5 13. Qxb4 Qxb4 14. Nxb4 Nxf4 15. gxf4 Rc8 16. Ra3 a5 17. Nd3 Bxd3 18. Rxd3 Rb8 19. Rb1 Be7 20. b4 Bxc5 21. dxc5 Nxc5 22. Rc3 Na6 23. b5 c5 24. Rbc1 Nb4 25. Rxc5 O-O 26. Ne5 f6 27. Nc6 Ra8 28. Rb1 Kf7 29. Nxb4 axb4 30. Rxb4 Ra5 31. Rc7+ Kg6 32. b6 Rb8 33. b7 h6 34. Rc8 Rxb7 35. Rxb7 Rxa4 36. e3 Ra1+ 37. Bf1 Kf5 38. Kg2 Rd1 39. h3 g5 40. Be2 Rd2 41. Bg4+ Ke4 42. Rb4+ d4 43. Rd8 e5 44. Bf3+ Kf5 45. fxe5 dxe3 46. Rxd2 exd2 1-0